000 00873nmm a2200265 a 4500
001 ocm000891497
003 TR-IsHL
005 20201028144655.0
008 141121s2014 tu tur
007 cr cn
020 _a9786051431055
035 _a891497
_b(N$T)
050 0 4 _aD511
_b.G85 2014
090 0 4 _aD511
_b.G85 2014
100 1 _aGül, Kubilay Mehmet
245 1 0 _aDünya savaşları: 1914- 1918 1. Dünya Savaşı
_h[electronic resource] /
_cKubilay Mehmet Gül
260 _aİstanbul :
_bKafekültür Yayıncılık,
_c2014
300 _a241 p.
650 4 _aTarih
650 4 _aHistory
650 0 _aDünya Savaşı, I, 1914-1918
650 0 _aWorld War, I, 1914-1918
650 7 _aHISTORY / Middle East / Turkey & Ottoman Empire
_2bisacsh
856 4 0 _uhttp://search.ebscohost.com/login.aspx?direct=true&scope=site&db=e011xww&AN=891497
999 _c9550
_d9550